| 000 | 00741nab a2200241 4500 | ||
|---|---|---|---|
| 003 | BR-BrBNA | ||
| 005 | 20250323231635.0 | ||
| 008 | 250323b bl.||||| |||| 00| 0 por d | ||
| 040 |
_aBR-BrBNA _bpor |
||
| 072 |
_aF01 ; D50 ; A50 _b1540 |
||
| 100 | _aAraújo, Carla | ||
| 245 |
_aO lobby da mandioca _bAgroeconomia |
||
| 500 | _a2 illus. | ||
| 650 | _aMANDIOCA | ||
| 650 | _aFÉCULA | ||
| 650 | _aADITIVO | ||
| 650 | _aFARINHA DE TRIGO | ||
| 650 | _aPÃO | ||
| 650 | _aLEGISLAÇÃO | ||
| 773 | 0 |
_01706 _9346300 _dSão Paulo-SP Editora Três Ltda - E-mail: luizfsa@revistadinheiro.com.br 2004 _o2024-6954 _tDinheiro Rural (Brazil) _x1807-3700 _gv. 3(18) p. 33; (Apr 2006) _wBR2025000368 |
|
| 942 | _cANA | ||
| 999 |
_c330604 _d330604 |
||